Najlepsi skoczkowie narciarscy z każdego kraju w sezonie 25/26 - Statystyki

Ogólne statystyki
  • Ten quiz został rozwiązany 36 razy
    6 od ostatniego zresetowania
  • Średni wynik to 13 z 18
Statystyki odpowiedzi
Kraj Skoczek % Poprawnych
Austria Jan Hoerl
100%
Japonia Ryoyu Kobayashi
100%
Włochy Alex Insam
80%
Estonia Artti Aigro
80%
Słowenia Domen Prevc
80%
USA Jason Colby
80%
Ukraina Jewhen Marusiak
80%
Polska Kacper Tomasiak
80%
Niemcy Philipp Raimund
80%
Czechy Roman Koudelka
80%
Francja Valentin Foubert
80%
Finlandia Antti Aalto
60%
Szwajcaria Gregor Deschwanden
60%
Słowacja Hektor Kapustik
60%
Norwegia Kristoffer Eriksen Sundal
60%
Bułgaria Vladimir Zografski
60%
Kanada Mackienzie Boyd-clowes
40%
Kazachstan Ilya Mizernykh
20%
Nie znaleziono quizów pasujących do podanych kryteriów
Rozkład punktacji
Procent ludzi z każdym wynikiem
Percentyl według liczby udzielonych odpowiedzi
Twoja historia wyników
Nie rozwiązałeś tego quizu od ostatniego zresetowania